| 000 | 00481pab a2200169 454500 | ||
|---|---|---|---|
| 008 | 180718b1998 xxu||||| |||| 00| 0 eng d | ||
| 100 | _aRaturi, Mayank | ||
| 245 | _aExplaining ethnic differentials in credit market outcomes in Zimbabwe | ||
| 260 | _c1998 | ||
| 300 | _ap.585-604 | ||
| 362 | _aApr | ||
| 650 | _aFinancial markets - Zimbabwe | ||
| 650 | _aFinancial markets | ||
| 700 | _aSwamy, Anand V. | ||
| 773 | _aEconomic Development and Cultural Change | ||
| 909 | _a41321 | ||
| 999 |
_c41321 _d41321 |
||